01443cas a22003257a 450000100060000000300080000600500170001400800410003103500200007203500110009204000510010304100080015408200270016210000240018924500300021324600540024326001070029730000290040450000570043350000270049050000370051755001550055465000520070971000720076171000580083371000560089194200120094799900170095995201410097645059BD-RjUL20211209053946.0160721s1948uuuuenk x s f0 a0eng d a(BD-RjUL) 45177 a911161 aMnMULSbengcMnMULSdOCoLCdBD-RjULdOCoLCdLC aeng 223a330.9492bLAN 1949 aHarpham, W913803510aSwitzerland /cW. Harpham06aEconomic and commercial conditions in Switzerland aLondon :bPublished for the Commercial Relations and Exports Dept., Board of Trade, by H.M.S.O.,c1948 a101 p. :bill. ;c24 cm. a"Economic and commercial conditions in Switzerland." aTitle varies slightly. aDescription based on: Apr. 1951. aVols. for 1921-19 issued by the Dept. of Overseas Trade; 1948 by the Export Promotion Dept.; 1951- by the Commercial Relations and Exports Dept. aEconomic conditions y1918zSwitzerland91380361 aGreat Britain.bCommercial Relations and Exports Department91336501 aGreat Britain.bDepartment of Overseas Trade.91380371 aGreat Britain.bExport Promotion Department9138038 2ddccBK c45059d45059 00102ddc40708NFICaRUCLbRUCLcStackd1962-02-03eA.1 QURISHIg10.00l0o330.9492 LAN 1949r2016-07-21 00:00:00tC-2w2016-07-21yBK